000 00579nam a22001577a 4500
003 OSt
005 20151102151043.0
008 151102b xxu||||| |||| 00| 0 eng d
040 _cRUA
082 _aFOR ពេជ 1995 B120 Or.1
100 _93194
_aពេជ សុវត្ថារ៉ា
245 _aប្រសិទ្ធភាពសេដ្ឋកិច្ចនៃការនាំចេញឈើមូលនៅព្រះរាេះជាណាចក្រកម្ពុជា
260 _aPhnom Penh
_bRUA
_c1995
300 _a75p.
_bill.
_c29cm.
942 _2ddc
_cFOR
999 _c2982
_d2982